| 000 | 01007nam0a2200337 4500 | ||
|---|---|---|---|
| 001 | RU\NLR\bibl\122622 | ||
| 005 | 20250617101509.0 | ||
| 010 |
_a5-89173-093-6 _920000 |
||
| 021 |
_aRU _b2000-31824 _91489 |
||
| 035 | _a(NLR Aleph) 000120093 | ||
| 090 |
_a683683 _c683683 |
||
| 100 | _a20001012d2000 |||y0rusy50 ca | ||
| 101 | 0 | _arus | |
| 102 | _aRU | ||
| 105 | _ay ||||||||| | ||
| 200 | 1 |
_a50 рецептов шашлыков _f[Сост. К.В. Паневин] |
|
| 210 |
_aСПб. _cПолигон _d2000 |
||
| 215 |
_a30, [1] с. _d20 |
||
| 606 | 0 |
_aШашлыки _xРецептура _92160006 _3RU\NLR\auth\661300001 |
|
| 610 | 0 | _aШашлыки - Рецептура | |
| 675 |
_a641.55(083.12) _v3 _zrus |
||
| 686 |
_a36.992 _2rubbk |
||
| 686 | _aЛ992.3 | ||
| 702 | 1 |
_aПаневин _bК. В. _4220 |
|
| 801 | 0 |
_aRU _bRKP _c20001012 _gPSBO |
|
| 801 | 1 |
_aRU _bRKP _c20001012 |
|
| 801 | 2 |
_aRU _bNLR _c20010112 _grcr |
|
| 852 |
_aNLR _j2000-4/8251 |
||
| 942 | _cBOOK | ||
| 980 | _aNB | ||